• 首页
  • 本馆介绍
  • 公告通知
  • 最新文献
  • 馆藏检索
  • 电子资源
  • 读者导购
  • 参考咨询
  • 我的图书馆
  • 登录
  • 详细信息显示
  • 放入我的书架
  • 预约/预借图书
  • 作者相关作品
  • 分类相关作品
  • 丛书相关作品
  • 出版社相关作品

书目信息

  • 表格格式
  • 工作单格式
  • 卡片格式
题名:
维摩诘经
    
 
作者: 鸠摩罗什 , 求那毗地 译
分册:  
出版信息: 北京   蓝天出版社  1998
页数: 142页
开本: 19cm
丛书名: 传世名著百部JY
单 册:
中图分类: B942.1 , Z227
科图分类:
主题词: 大乘--佛经 , 百科全书--中国
电子资源:
ISBN: 7-80081-834-9
000 00855oam2 2200289 450
001 1550068704
005 20151110145515.96
010    @a7-80081-834-9@dCNY15.60
100    @a20021005d1998 emky0chiy0110 ea
101 1  @achi@cinc
102    @aCN@b110000
105    @ay z 000yy
200 1  @a维摩诘经@9wei mo ji jing@b专著@c百喻经@f[印]鸠摩罗什译@f[印]求那毗地译
210    @a北京@c蓝天出版社@d1998
215    @a142页@d19cm
225 2  @a传世名著百部JY@v29@i佛道名著
300    @a维摩诘经,又称:维摩诘所说经、不可思议解脱法门
410  0 @12001@@@a传世名著百部
410  0 @12001 @a传世名著百部JY
606 0  @a大乘@x佛经
606 0  @a百科全书@x中国
690    @aB942.1@v3
690    @aZ227@v4
701  0 @a鸠摩罗什@9jiu mo luo shi@4译
701  0 @a求那毗地@9qiu na pi di@4译
801  0 @aCN@bTSSF@c20150127
905    @aZUCC@dZ227@eJY6:29
    
    维摩诘经.百喻经/[印]鸠摩罗什译/[印]求那毗地译.-北京:蓝天出版社,1998
    142页;19cm.-(传世名著百部JY;29.佛道名著)
    维摩诘经,又称:维摩诘所说经、不可思议解脱法门
    
    ISBN 7-80081-834-9:CNY15.60
    
●
相关链接 在E读中查询图书 在五车中查询图书 在当当中查询图书 在豆瓣中查询图书


正题名:维摩诘经     索取号:Z227/JY6:29         预约/预借

序号 登录号 条形码 馆藏地/架位号 状态 备注
1 7852959   278529594   学院路分馆/ [索取号:Z227/JY6:29] 在馆    
2 7852960   278529601   学院路分馆/ [索取号:Z227/JY6:29] 在馆    
3 7852970   278529709   学院路分馆/ [索取号:Z227/JY6:29] 在馆    
唐山师范学院图书馆 欢迎您!
大连网信软件有限公司© 版权所有